[Event "Xtracon Chess Open 2018"]
[Site "Elsinore"]
[Date "2018.07.22"]
[Round "3"]
[White "Taylor, Adam C"]
[Black "Hansen, Svein E"]
[Result "1-0"]
[WhiteElo "2326"]
[BlackElo "2041"]
[EventDate "2018.07.21"]
[WhiteFideId "424668"]
[BlackFideId "1519727"]

1.Nf3 Nf6 2.g3 g6 3.b3 Bg7 4.Bb2 O-O 5.d4 d5 6.Nbd2 Nbd7 7.c4 c6 8.Bg2 b6 
9.O-O Bb7 10.Qc2 Rc8 11.e4 Nxe4 12.Nxe4 dxe4 13.Qxe4 Nf6 14.Qc2 Qc7 15.
Rfe1 e6 16.Bc1 Qb8 17.Bf4 Qa8 18.c5 bxc5 19.dxc5 Nd5 20.Be5 Bxe5 21.Nxe5 
Rc7 22.Nc4 Qd8 23.Nd6 Qf6 24.Rac1 Rd8 25.Qd2 Ba8 26.Rc4 Rcd7 27.h4 Qg7 28.
Qa5 Qb2 29.Bf3 Rf8 30.Kg2 Nb6 31.cxb6 axb6 32.Qb4 c5 33.Qxb6 Bxf3+ 34.Kxf3
Qd2 35.Ne4 Qxe1 36.Nf6+ Kg7 37.Nxd7 Qd1+ 38.Kg2 Qd5+ 39.Kh2 Qxd7 40.Qxc5 
Rd8 41.Qe5+ Kg8 42.h5 Qd2 43.Rf4 Rd5 44.Qb8+ Rd8 45.Qb7 Rd7 46.Qb5 f5 47.
Qe5 Qd5 48.Qxd5 exd5 49.Kg2 d4 50.Kf1 Kf7 51.Ke2 Ke6 52.hxg6 hxg6 53.Rf3 
Ke5 54.Rd3 g5 55.Rd2 g4 56.Kd3 Rh7 57.Rc2 Rh2 58.f4+ 1-0

[Event "Xtracon Chess Open 2018"]
[Site "Elsinore"]
[Date "2018.07.22"]
[Round "3"]
[White "Schmied, Andreas"]
[Black "Hobber, Anders"]
[Result "0-1"]
[WhiteElo "1997"]
[BlackElo "2312"]
[EventDate "2018.07.21"]
[WhiteFideId "4625897"]
[BlackFideId "1505424"]

1.Nf3 d5 2.e3 Nf6 3.c4 c6 4.Nc3 e6 5.d4 a6 6.Bd2 Nbd7 7.Bd3 dxc4 8.Bxc4 b5
9.Bd3 c5 10.a4 b4 11.Ne4 Bb7 12.Qb1 Rc8 13.b3 cxd4 14.Nxd4 Nc5 15.Nxc5 
Bxc5 16.Nf3 O-O 17.O-O Bxf3 18.gxf3 Qd5 19.e4 Qh5 20.Qd1 Bd6 21.f4 Ng4 22.
Kg2 Qxh2+ 23.Kf3 Bc5 24.Be1 Rfd8 25.Qb1 Qh3+ 26.Ke2 Nh2 0-1

[Event "Xtracon Chess Open 2018"]
[Site "Elsinore"]
[Date "2018.07.22"]
[Round "3"]
[White "Storme, Isak"]
[Black "Skaarup, Kasper"]
[Result "1-0"]
[WhiteElo "2277"]
[BlackElo "2037"]
[EventDate "2018.07.21"]
[WhiteFideId "1728113"]
[BlackFideId "1446045"]

1.c4 b6 2.Nc3 Bb7 3.d4 e6 4.Nf3 Bb4 5.e3 f5 6.Bd3 Nf6 7.O-O Bxc3 8.bxc3 
O-O 9.a4 a5 10.Ba3 d6 11.c5 dxc5 12.dxc5 Re8 13.cxb6 cxb6 14.Bb5 Nbd7 15.
Qd6 Bxf3 16.gxf3 Qb8 17.Rfd1 Ra7 18.Rd4 Kf7 19.Rad1 Qxd6 20.Rxd6 Rd8 21.
Bc4 Re8 22.Bb5 Rd8 23.Rxe6 Kxe6 24.Bc4+ Nd5 25.Rxd5 Kf6 26.Rd6+ Kg5 27.f4+
Kh4 28.Rh6+ gxh6 29.Be7+ Nf6 30.Bxf6+ Kg4 31.Bxd8 1-0

[Event "Xtracon Chess Open 2018"]
[Site "Elsinore"]
[Date "2018.07.22"]
[Round "3"]
[White "Gonzalez, Francisco Silva"]
[Black "Schmidt, Kristen"]
[Result "0-1"]
[WhiteElo "2045"]
[BlackElo "2247"]
[EventDate "2018.07.21"]
[WhiteFideId "1512285"]
[BlackFideId "1400436"]

1.d4 g6 2.e4 Bg7 3.c4 d6 4.Nc3 Nd7 5.Bg5 Ngf6 6.f3 h6 7.Be3 e5 8.d5 O-O 9.
g4 a6 10.Qd2 Kh7 11.O-O-O Ne8 12.h4 Qe7 13.Kb1 c5 14.Nge2 Nc7 15.h5 g5 16.
Ng3 Nf6 17.Na4 Nd7 18.Nf5 Qf6 19.Qa5 Ne8 20.Bd2 Rb8 21.Nb6 Nxb6 22.Qxb6 
Bxf5 23.gxf5 Qe7 24.b4 Rc8 25.bxc5 dxc5 26.Be3 Qd6 27.Qa5 Bf6 28.Bd3 Bd8 
29.Qc3 f6 30.Ka1 Qc7 31.Rb1 Nd6 32.Rhg1 Qa5 33.Qc2 b5 34.Bd2 Qb6 35.Bc3 
Qa7 36.Bd2 Bb6 37.Qc3 Qc7 38.Qc2 Rb8 39.Rg4 Ba5 40.cxb5 c4 41.Be2 axb5 42.
Rc1 Ra8 43.Rgg1 Qc5 44.Rg2 Bxd2 45.Qxd2 Ra3 46.Rc3 Rfa8 47.Rxa3 Rxa3 48.
Kb1 b4 49.Bd1 Nb5 50.Ka1 Rd3 0-1

[Event "Xtracon Chess Open 2018"]
[Site "Elsinore"]
[Date "2018.07.22"]
[Round "3"]
[White "Skousen, Nikolai"]
[Black "Greeuw, Sietske"]
[Result "1-0"]
[WhiteElo "2203"]
[BlackElo "1998"]
[EventDate "2018.07.21"]
[WhiteFideId "1401432"]
[BlackFideId "1020285"]

1.g3 Nf6 2.Bg2 d5 3.Nf3 e6 4.O-O Be7 5.d3 c5 6.Nbd2 Nc6 7.e4 O-O 8.Re1 b6 
9.e5 Nd7 10.Nf1 Bb7 11.h4 a5 12.Bf4 a4 13.a3 b5 14.N1h2 b4 15.Ng5 bxa3 16.
bxa3 Nd4 17.Ra2 Qa5 18.Bd2 Qb6 19.Qh5 h6 20.Ngf3 Nf5 21.Bh3 g6 22.Qg4 Kg7 
23.Qf4 Rh8 24.Raa1 d4 25.Rab1 Qc6 26.Qe4 Rhb8 27.Bg2 Qc8 28.Qf4 Qh8 29.
Rxb7 Rxb7 30.g4 Nxh4 31.Nxh4 Bg5 32.Qe4 Bxd2 33.Qxb7 Rb8 34.Qxd7 Bxe1 35.
Qxa4 Qd8 36.N4f3 Bc3 37.Nf1 Ra8 38.Qb3 Ra5 39.Ng3 Ra6 40.Ne4 Rb6 41.Qc4 
Rb1+ 42.Kh2 Rb2 43.Qa4 Qc7 44.Nd6 1-0

[Event "Xtracon Chess Open 2018"]
[Site "Elsinore"]
[Date "2018.07.22"]
[Round "3"]
[White "Mehringer, Joerg"]
[Black "Nielsen, Viktor Haarmark"]
[Result "1/2-1/2"]
[WhiteElo "1933"]
[BlackElo "2332"]
[EventDate "2018.07.21"]
[WhiteFideId "12915351"]
[BlackFideId "1444492"]

1.e4 e5 2.Nf3 Nc6 3.Bc4 Bc5 4.b4 Bxb4 5.c3 Ba5 6.d4 b5 7.Bd5 exd4 8.Nxd4 
Qf6 9.O-O Nge7 10.Nf3 Rb8 11.Qe2 Ne5 12.Nxe5 Qxe5 13.f4 Bb6+ 14.Kh1 Qd6 
15.Bb3 Bb7 16.Rd1 Qg6 17.f5 Qf6 18.Bb2 Qe5 19.Qd3 O-O 20.Nd2 c5 21.Bc2 c4 
22.Qh3 f6 23.Nf3 Qc7 24.Ba3 d5 25.exd5 Nxd5 26.Bxf8 Rxf8 27.Qg3 Qxg3 28.
hxg3 Nxc3 29.Rd7 Bc6 30.Rd6 Ba8 31.a3 Re8 32.Nd4 Ne2 33.Ne6 Nxg3+ 34.Kh2 
Ne4 35.Rd7 Nc5 36.Rxg7+ Kh8 37.Rf7 Rg8 38.Rg1 Nxe6 39.fxe6 Bxg1+ 40.Kxg1 
Re8 41.Rxh7+ Kg8 42.Rxa7 Bc6 43.Bh7+ Kh8 44.Bf5 Bd5 45.e7 Kg7 46.Rd7 Bf7 
47.Rb7 1/2-1/2

[Event "Xtracon Chess Open 2018"]
[Site "Elsinore"]
[Date "2018.07.22"]
[Round "3"]
[White "Berg, Klaus"]
[Black "Nielsen, Morten Majlund"]
[Result "1-0"]
[WhiteElo "2322"]
[BlackElo "1959"]
[EventDate "2018.07.21"]
[WhiteFideId "1400053"]
[BlackFideId "1445448"]

1.d4 Nf6 2.Bg5 e6 3.e4 h6 4.Bxf6 Qxf6 5.c3 c5 6.Nf3 cxd4 7.cxd4 Nc6 8.Nc3 
d6 9.d5 exd5 10.exd5 Ne5 11.Bb5+ Bd7 12.Bxd7+ Nxd7 13.O-O O-O-O 14.Qc2 Kb8
15.Ne4 Qg6 16.Rac1 Be7 17.Qc7+ Ka8 18.Rfe1 f5 19.Nc3 Bg5 20.Nxg5 hxg5 21.
Nb5 Nc5 22.Nxd6 Qxd6 23.Qxd6 Rxd6 24.Rxc5 Rhd8 25.h3 b6 26.Rc7 R6d7 27.
Rxd7 Rxd7 28.Re5 g6 29.g4 fxg4 30.hxg4 Kb7 31.Rxg5 Rd6 32.Re5 Ka6 33.Kg2 
Kb5 34.Kf3 Kc4 35.Ke4 a5 36.f4 b5 37.Re6 Rxd5 38.Rc6+ Rc5 39.b3+ 1-0

[Event "Xtracon Chess Open 2018"]
[Site "Elsinore"]
[Date "2018.07.22"]
[Round "3"]
[White "Dishman, Stephen"]
[Black "Munshi, Aditya"]
[Result "0-1"]
[WhiteElo "2320"]
[BlackElo "1953"]
[EventDate "2018.07.21"]
[WhiteFideId "403024"]
[BlackFideId "436720"]

1.d4 Nf6 2.Bg5 d5 3.e3 c5 4.Bxf6 gxf6 5.Nc3 Nc6 6.Qh5 e6 7.Nf3 cxd4 8.exd4
Bd7 9.Bb5 Bg7 10.O-O-O Nb4 11.a3 Na2+ 12.Nxa2 Bxb5 13.Rhe1 O-O 14.g4 Rc8 
15.Re3 a5 16.Rg1 Bc4 17.b3 Ba6 18.g5 Qc7 19.c3 f5 20.Ne5 f4 21.Ng4 fxe3 
22.Nf6+ Bxf6 23.gxf6+ Kh8 24.Rg7 Bd3 25.Qh6 Rg8 26.fxe3 e5 27.dxe5 Qxe5 
28.Rxf7 Rxc3+ 29.Kd1 Rg1+ 30.Kd2 Rc2+ 0-1

[Event "Xtracon Chess Open 2018"]
[Site "Elsinore"]
[Date "2018.07.22"]
[Round "3"]
[White "Linderod, Lars Erik"]
[Black "O`Gorman, Tom"]
[Result "0-1"]
[WhiteElo "1931"]
[BlackElo "2280"]
[EventDate "2018.07.21"]
[WhiteFideId "1435965"]
[BlackFideId "2508249"]

1.e4 e6 2.d4 d5 3.e5 c5 4.c3 Nc6 5.Be3 Qb6 6.Qd2 Nh6 7.Bd3 Bd7 8.Nf3 Rc8 
9.O-O cxd4 10.cxd4 Nb4 11.Nc3 Nxd3 12.Qxd3 Nf5 13.Rab1 Be7 14.a3 O-O 15.
Rfd1 Rc7 16.Bg5 Bxg5 17.Nxg5 Rc4 18.Ne2 h6 19.b3 Rc7 20.Nf3 Bb5 21.Qd2 
Rfc8 22.Rb2 Bxe2 23.Qxe2 Rc3 24.g4 Ne7 25.Rd3 Ng6 26.Rxc3 Rxc3 27.Qd1 Qc7 
28.Kg2 Rxf3 0-1

[Event "Xtracon Chess Open 2018"]
[Site "Elsinore"]
[Date "2018.07.22"]
[Round "3"]
[White "Jarlnaes, Erik"]
[Black "Solberg, Joachim"]
[Result "0-1"]
[WhiteElo "1930"]
[BlackElo "2263"]
[EventDate "2018.07.21"]
[WhiteFideId "1414623"]
[BlackFideId "1502930"]

1.e4 c5 2.Nf3 Nc6 3.d4 cxd4 4.Nxd4 Nf6 5.Nc3 e5 6.Ndb5 d6 7.Nd5 Nxd5 8.
exd5 Ne7 9.c4 Nf5 10.Bd3 g6 11.O-O a6 12.Nc3 Bg7 13.Re1 O-O 14.Bxf5 Bxf5 
15.Be3 Rc8 16.g4 Bd7 17.b3 f5 18.Na4 Bxa4 19.bxa4 Rxc4 20.gxf5 gxf5 21.Qb3
Qh4 22.f3 Rb4 23.Qa3 Rf6 24.Re2 Rxa4 25.Qb3 Rb4 26.Qc3 Rc4 27.Qb3 Rg6+ 28.
Kh1 Qh3 29.Bd2 e4 30.Rg1 Rxg1+ 31.Kxg1 Bd4+ 32.Be3 Rc1+ 33.Kf2 Qxh2# 0-1

[Event "Xtracon Chess Open 2018"]
[Site "Elsinore"]
[Date "2018.07.22"]
[Round "3"]
[White "Ramsdal, Jens Albert"]
[Black "Kizatbay, Alseit"]
[Result "1-0"]
[WhiteElo "2259"]
[BlackElo "1932"]
[EventDate "2018.07.21"]
[WhiteFideId "1429221"]
[BlackFideId "13712209"]

1.e4 c5 2.Nf3 d6 3.Bb5+ Bd7 4.Bxd7+ Qxd7 5.c4 g6 6.d4 cxd4 7.Nxd4 Nf6 8.
Nc3 Bg7 9.O-O O-O 10.f3 Nc6 11.Nde2 Rfd8 12.b3 e6 13.Bg5 h6 14.Bh4 g5 15.
Bf2 b6 16.Rc1 Rac8 17.Qc2 Qb7 18.Rfd1 Rd7 19.Nd4 Rcd8 20.Nxc6 Qxc6 21.Bd4 
Nh5 22.Qf2 Bxd4 23.Qxd4 Qc5 24.Rd2 Kf8 25.Rcd1 Ke7 26.g3 Ng7 27.Kg2 Qxd4 
28.Rxd4 f5 29.R4d3 fxe4 30.fxe4 Nh5 31.Nb5 Nf6 32.Nd4 Rc8 33.Re1 Ng4 34.
Nf3 Rc5 35.h4 Ne5 36.Rde3 g4 37.Nxe5 Rxe5 38.Kf2 Rd8 39.Ke2 Rf8 40.Rd1 Rd8
41.Rf1 Rf8 42.Rxf8 Kxf8 43.b4 a5 44.a3 Ke7 45.Kd3 Kd7 46.Kd4 Kc6 47.Re2 
axb4 48.axb4 h5 49.Rf2 Kc7 50.Rf7+ Kc8 51.Rg7 Kd8 52.Rb7 Kc8 53.Rxb6 Kc7 
54.c5 dxc5+ 55.bxc5 1-0

[Event "Xtracon Chess Open 2018"]
[Site "Elsinore"]
[Date "2018.07.22"]
[Round "3"]
[White "Green, Per"]
[Black "Christensen, Thomas"]
[Result "0-1"]
[WhiteElo "1927"]
[BlackElo "2218"]
[EventDate "2018.07.21"]
[WhiteFideId "1703811"]
[BlackFideId "1407635"]

1.Nf3 c5 2.c4 Nc6 3.d4 cxd4 4.Nxd4 e5 5.Nb5 Bb4+ 6.Bd2 Bc5 7.Bc3 d6 8.e3 
a6 9.N5a3 Qg5 10.Nc2 Bf5 11.Nd2 Nf6 12.Nf3 Qg6 13.Rc1 Ne4 14.Nh4 Qf6 15.
Nxf5 Qxf5 16.f3 Nxc3 17.bxc3 O-O 18.Bd3 Qg5 19.Qe2 f5 20.Rb1 e4 21.Bxe4 
fxe4 22.Rxb7 exf3 23.gxf3 Rab8 24.Rxb8 Rxb8 25.Kd2 Rb2 26.f4 Qf5 27.Rc1 
Rxa2 28.Kd1 Qe4 29.Qf2 Na5 30.Rb1 Bxe3 31.Rb8+ Kf7 0-1

[Event "Xtracon Chess Open 2018"]
[Site "Elsinore"]
[Date "2018.07.22"]
[Round "3"]
[White "Justinussen, Sigurd B."]
[Black "Eriksson, Jorgen"]
[Result "1/2-1/2"]
[WhiteElo "1921"]
[BlackElo "2206"]
[EventDate "2018.07.21"]
[WhiteFideId "7200773"]
[BlackFideId "1701967"]

1.e4 d6 2.d4 Nf6 3.Bd3 Nc6 4.Nf3 Bg4 5.Be3 e6 6.O-O Be7 7.c3 O-O 8.Nbd2 a6
9.Qb3 Qd7 10.Rac1 Bh5 11.Rfe1 Bg6 12.Nh4 Bxe4 13.Nxe4 Nxe4 14.Bxe4 Bxh4 
15.d5 exd5 16.Qxd5 Bf6 17.Bf5 Qd8 18.Qb3 Rb8 19.Rcd1 Bg5 20.f4 Bf6 21.c4 
Re8 22.c5 Nd4 23.Qd3 dxc5 24.Bxh7+ Kh8 25.Be4 Kg8 26.Bf2 Qd6 27.Bxb7 Rxe1+
28.Rxe1 Ne6 29.Bxa6 Qxd3 30.Bxd3 Nxf4 31.Bb1 Bxb2 32.Bxc5 Ne6 33.Be3 Bd4 
34.Bxd4 Nxd4 35.Bd3 Kf8 36.Re4 c5 37.Re5 Rc8 38.Bc4 Ne6 39.Bxe6 fxe6 40.
Rxe6 c4 41.Re2 c3 42.Rc2 Rb8 43.Rxc3 Rb1+ 44.Kf2 Rb2+ 45.Kf3 Rxa2 46.h4 
Kg8 47.g4 Kh7 48.Rc5 Ra4 49.Kg3 Rb4 50.h5 Rb7 51.Kh4 g6 52.hxg6+ Kxg6 53.
Rc6+ Kg7 54.g5 Rb1 55.Rc4 Kg6 56.Rc6+ Kg7 57.Kh5 Rh1+ 58.Kg4 Rg1+ 59.Kf5 
Rf1+ 60.Kg4 1/2-1/2

[Event "Xtracon Chess Open 2018"]
[Site "Elsinore"]
[Date "2018.07.22"]
[Round "3"]
[White "Jacobsen, Heidrikur T."]
[Black "Sorensen, Hampus"]
[Result "1-0"]
[WhiteElo "1918"]
[BlackElo "2204"]
[EventDate "2018.07.21"]
[WhiteFideId "7200340"]
[BlackFideId "8703884"]

1.d4 d5 2.c4 c6 3.Nc3 Nf6 4.cxd5 cxd5 5.Nf3 Nc6 6.Bf4 a6 7.e3 e6 8.Be2 Bd6
9.Bxd6 Qxd6 10.O-O O-O 11.Rc1 Rd8 12.Na4 Nd7 13.Qc2 h6 14.a3 Ra7 15.b4 f5 
16.Rfd1 Ndb8 17.Qc5 Qxc5 18.bxc5 Kf8 19.Nb6 Bd7 20.Rb1 Na5 21.Ne5 Be8 22.
f4 Nbc6 23.Kf2 Nxe5 24.fxe5 Nc6 25.g4 g6 26.gxf5 gxf5 27.Rg1 Ne7 28.Rg3 
Bf7 29.Rbg1 Nc8 30.Bh5 Ne7 31.Bxf7 Kxf7 32.Rg7+ Kf8 33.Rh7 Ng8 34.Rgg7 a5 
35.a4 Ra6 36.Rxb7 Ke8 37.Rhg7 Kf8 38.Rbf7+ Ke8 39.Rxg8+ Kxf7 40.Rxd8 Ra7 
41.Rd7+ 1-0

[Event "Xtracon Chess Open 2018"]
[Site "Elsinore"]
[Date "2018.07.22"]
[Round "3"]
[White "Christensen, Jacob Foged"]
[Black "Grove, Peter"]
[Result "0-1"]
[WhiteElo "1916"]
[BlackElo "2202"]
[EventDate "2018.07.21"]
[WhiteFideId "1439073"]
[BlackFideId "1411101"]

1.d4 g6 2.Nf3 Bg7 3.c4 c5 4.d5 b5 5.cxb5 a6 6.bxa6 Nf6 7.Nc3 O-O 8.e4 Qa5 
9.Bd2 d6 10.Be2 Bxa6 11.O-O Bxe2 12.Qxe2 Qb4 13.Rab1 Nbd7 14.Ne1 Rfb8 15.
Nc2 Qb7 16.f4 Ne8 17.h4 Nc7 18.Na3 Nb6 19.f5 Ne8 20.fxg6 fxg6 21.g4 Nf6 
22.h5 Qd7 23.hxg6 hxg6 24.g5 Nh5 25.Rf2 Qh3 26.Rh2 Bd4+ 27.Rf2 Rf8 28.Rf1 
Ng3 0-1

[Event "Xtracon Chess Open 2018"]
[Site "Elsinore"]
[Date "2018.07.22"]
[Round "3"]
[White "Thannheiser, Thomas"]
[Black "Stage-Steffensen, Sander"]
[Result "1/2-1/2"]
[WhiteElo "2201"]
[BlackElo "1928"]
[EventDate "2018.07.21"]
[WhiteFideId "4691059"]
[BlackFideId "1455796"]

1.e4 e5 2.Bc4 Nc6 3.Nf3 Bc5 4.c3 Nf6 5.d4 exd4 6.cxd4 Bb4+ 7.Bd2 Bxd2+ 8.
Nbxd2 d5 9.exd5 Nxd5 10.O-O O-O 11.Ne5 Nb6 12.Nxc6 bxc6 13.Bd3 Qxd4 14.Qc2
g6 15.Nf3 Qf6 16.Be4 Nd5 17.Rfd1 Rb8 18.Nd4 Re8 19.Bf3 Bd7 20.b3 Rb7 21.
Qd2 Rbb8 22.Rac1 Rbc8 23.Ne2 Red8 24.Ng3 h5 25.Ne4 Qg7 26.Qd4 Qxd4 27.Rxd4
f5 28.Nc5 Be8 29.Nb7 Rd7 30.Rxc6 Ne7 31.Rxd7 Bxd7 32.Rc1 Kf7 33.h4 Bb5 34.
g3 Kf6 35.Nc5 Rd8 36.a4 Be8 37.Rc3 Bf7 38.Nd3 Nd5 39.Bxd5 Rxd5 40.Kf1 Rd7 
41.Ke2 Bd5 42.Nf4 Be4 43.Rc5 Re7 44.Kd2 Rd7+ 45.Ke3 Re7 46.Rc3 Bb7+ 47.Kd2
Be4 48.Re3 Rd7+ 49.Kc1 Rd6 50.f3 Bb7 51.Kc2 a5 52.Kc3 Bc8 53.b4 axb4+ 54.
Kxb4 Rd4+ 55.Kc5 Rxa4 56.Nd5+ Kf7 57.Re7+ Kf8 58.Rxc7 Be6 59.Nf4 Bf7 60.
Kd6 Ra3 61.Ke5 Ra6 62.Rc3 1/2-1/2

[Event "Xtracon Chess Open 2018"]
[Site "Elsinore"]
[Date "2018.07.22"]
[Round "3"]
[White "Voll, Oddvar U"]
[Black "Bekker-Jensen, David"]
[Result "0-1"]
[WhiteElo "1915"]
[BlackElo "2200"]
[EventDate "2018.07.21"]
[WhiteFideId "1533827"]
[BlackFideId "1403095"]

1.e4 c5 2.c3 Nf6 3.e5 Nd5 4.d4 cxd4 5.cxd4 d6 6.Nf3 Nc6 7.Bc4 Nb6 8.Bb3 d5
9.h3 Bf5 10.Nc3 e6 11.O-O Be7 12.Bc2 Bxc2 13.Qxc2 O-O 14.Be3 f6 15.exf6 
Bxf6 16.Rad1 Nc4 17.Rfe1 Nd6 18.Bf4 Nf5 19.Nb5 Rc8 20.Rxe6 Nfxd4 21.Nbxd4 
Nxd4 22.Nxd4 Rxc2 23.Nxc2 Qc8 24.Re2 Qc4 0-1

[Event "Xtracon Chess Open 2018"]
[Site "Elsinore"]
[Date "2018.07.22"]
[Round "3"]
[White "Moe, Mogens"]
[Black "Strachan, Christian C."]
[Result "1-0"]
[WhiteElo "2199"]
[BlackElo "1927"]
[EventDate "2018.07.21"]
[WhiteFideId "1400550"]
[BlackFideId "1417215"]

1.e4 e6 2.d4 d5 3.Nd2 Nf6 4.e5 Nfd7 5.Bd3 c5 6.c3 Nc6 7.Ne2 cxd4 8.cxd4 
Qb6 9.Nf3 Bb4+ 10.Bd2 f6 11.exf6 Nxf6 12.O-O Bd6 13.Bf4 Qc7 14.Bxd6 Qxd6 
15.Re1 O-O 16.Ng3 Bd7 17.Rc1 Rae8 18.Bb1 Re7 19.a3 Be8 20.Ne5 g6 21.Qd2 
Rg7 22.Qe3 Ne7 23.Nf3 Bd7 24.Ng5 Ng4 25.Qe2 Qf4 26.Nh3 Qxd4 27.Rcd1 Qa4 
28.b3 Qxa3 29.Qxg4 Qxb3 30.Qd4 Nc6 31.Qc5 Rgf7 32.Rd2 b6 33.Qd6 Qc3 34.
Rde2 Qd4 35.Re3 e5 36.Ng5 Re7 37.Nf3 Qc5 38.Qxc5 bxc5 39.Nxe5 Nxe5 40.Rxe5
Ref7 41.Rxd5 c4 42.f3 Ba4 43.Rc5 Bb3 44.Be4 Rd7 45.Bd5+ 1-0

[Event "Xtracon Chess Open 2018"]
[Site "Elsinore"]
[Date "2018.07.22"]
[Round "3"]
[White "Johannsson, Orn Leo"]
[Black "Glibstrup, Jakob"]
[Result "1-0"]
[WhiteElo "2196"]
[BlackElo "1920"]
[EventDate "2018.07.21"]
[WhiteFideId "2303051"]
[BlackFideId "1416146"]

1.d4 Nf6 2.Nf3 g6 3.e3 Bg7 4.Be2 O-O 5.O-O d6 6.b3 c5 7.Bb2 Nc6 8.c4 a5 9.
Nc3 e5 10.dxe5 dxe5 11.Qxd8 Rxd8 12.Na4 e4 13.Ne5 Rd2 14.Nxc6 Rxe2 15.Rad1
Rxb2 16.Ne7+ Kf8 17.Nxc8 Rxa2 18.Rd8+ Ne8 19.Nab6 Rxc8 20.Nxc8 Be5 21.Rd5 
Bc7 22.Rxc5 Rb2 23.Rb5 b6 24.g3 Nf6 25.Nxb6 Bxb6 26.Rxb6 Ng4 27.Rb5 f6 28.
Rb7 Ne5 29.Ra1 Nxc4 30.Rc1 Nd6 31.Rd7 Rd2 32.Rc6 1-0

[Event "Xtracon Chess Open 2018"]
[Site "Elsinore"]
[Date "2018.07.22"]
[Round "3"]
[White "Gottstein, Claudius-Thomas"]
[Black "Andersen, Daniel"]
[Result "1-0"]
[WhiteElo "2190"]
[BlackElo "1917"]
[EventDate "2018.07.21"]
[WhiteFideId "4653327"]
[BlackFideId "1402714"]

1.e4 e6 2.d4 d5 3.Bd3 c5 4.exd5 Qxd5 5.Nc3 Qxd4 6.Nb5 Qd8 7.Bf4 Na6 8.Qe2 
Nf6 9.O-O-O Bd7 10.Bc4 Qa5 11.Nf3 Nd5 12.Rxd5 1-0

[Event "Xtracon Chess Open 2018"]
[Site "Elsinore"]
[Date "2018.07.22"]
[Round "3"]
[White "Gula, Julian"]
[Black "Ingvason, Johann"]
[Result "1/2-1/2"]
[WhiteElo "1909"]
[BlackElo "2189"]
[EventDate "2018.07.21"]
[WhiteFideId "12954799"]
[BlackFideId "2301431"]

1.e4 c5 2.Nc3 Nc6 3.Nge2 e6 4.g3 d5 5.exd5 exd5 6.Bg2 d4 7.Nd5 Nf6 8.Nef4 
Nxd5 9.Nxd5 Be6 10.Nf4 Qd7 11.Qe2 O-O-O 12.Nxe6 Re8 13.Bh3 Nd8 14.O-O Nxe6
15.d3 Bd6 16.Bd2 h5 17.Qf3 h4 18.Bg2 Nd8 19.a4 Nc6 20.a5 Ne5 21.Qd5 Qc6 
22.a6 Qxd5 23.Bxd5 b6 24.Bf4 f6 25.Rfe1 g5 26.Bxe5 Bxe5 27.Re4 hxg3 28.
hxg3 Re7 29.Rae1 Kd7 30.f4 gxf4 31.gxf4 Rg7+ 32.Kf2 Bd6 33.Bb3 Rh2+ 34.Kf3
Rhg2 35.Ba4+ Kc7 36.R4e2 R2g3+ 37.Ke4 R3g4 38.Rf1 Bxf4 39.Kf5 Be5 40.Re4 
R4g5+ 41.Ke6 Rg2 42.b4 b5 43.Bxb5 Rxc2 44.Bc4 cxb4 45.Rb1 Rgg2 46.Rxb4 Rb2
47.Rg4 Rxb4 48.Rxg2 Rb6+ 49.Kf5 Kc6 50.Rg7 Bc7 51.Kxf6 Rb2 52.Kf5 Re2 53.
Rg6+ Kc5 54.Rg7 Rf2+ 55.Ke6 Kc6 56.Rg4 Bb6 57.Rg7 Re2+ 58.Kf5 Kc5 59.Rg6 
Re1 60.Rg4 Kb4 61.Re4 Rc1 62.Ke5 Rxc4 63.dxc4 Kxc4 64.Rh4 Bc7+ 65.Kf5 Kd5 
66.Rh7 Bb6 67.Rd7+ Kc6 68.Ke6 Bc5 69.Rd5 Kb5 70.Ke5 Kc4 71.Ke4 Bb6 72.Rd7 
Kb5 73.Rxd4 Bxd4 74.Kxd4 1/2-1/2

[Event "Xtracon Chess Open 2018"]
[Site "Elsinore"]
[Date "2018.07.22"]
[Round "3"]
[White "Horslund, Mikael"]
[Black "Larsen, Jens Evald"]
[Result "0-1"]
[WhiteElo "1714"]
[BlackElo "1433"]
[EventDate "2018.07.21"]
[WhiteFideId "1421042"]
[BlackFideId "1409603"]

1.c4 Nf6 2.g3 d5 3.Bg2 b6 4.cxd5 Nxd5 5.Nf3 Bb7 6.O-O e6 7.d3 Be7 8.Na3 
O-O 9.Nc4 Nd7 10.e4 N5f6 11.Ne1 Ne8 12.Nc2 Nd6 13.N2e3 Nxc4 14.dxc4 Nc5 
15.Qg4 Bf6 16.Rb1 Qe7 17.b4 Nd3 18.Ba3 Bc3 19.Rb3 Bxb4 20.Bxb4 Nxb4 21.h4 
Rad8 22.h5 Rd4 23.h6 g6 24.Qf4 f5 25.Qe5 Nc6 26.Qg7+ Qxg7 27.hxg7 Kxg7 28.
exf5 exf5 29.c5 Ba8 30.cxb6 cxb6 31.Rc3 Ne5 32.Rc7+ Rd7 33.Rxd7+ Nxd7 34.
Rc1 Nc5 35.Rd1 Bxg2 36.Kxg2 Rf7 37.Nc4 Rd7 0-1

[Event "Xtracon Chess Open 2018"]
[Site "Elsinore"]
[Date "2018.07.22"]
[Round "3"]
[White "Hviid, Hans Henrik"]
[Black "Warston, Hakan"]
[Result "0-1"]
[WhiteElo "1173"]
[BlackElo "1662"]
[EventDate "2018.07.21"]
[WhiteFideId "1425374"]
[BlackFideId "1717367"]

1.e4 e6 2.d4 d5 3.e5 c5 4.Nf3 Nc6 5.c3 Bd7 6.Be3 cxd4 7.Nxd4 Nxe5 8.Bf4 
Ng6 9.Nb5 Nxf4 10.g3 Ng6 11.Qe2 Nf6 12.Bg2 Qb6 13.a4 a6 14.Nd4 Bc5 15.Qe3 
O-O 16.b4 Bxd4 17.Qxd4 Qxd4 18.cxd4 Rac8 19.O-O Rc4 20.Nd2 Rxd4 21.Nb3 
Rxb4 22.Nc5 Rc8 23.Rfc1 Bc6 24.Nd3 Rd4 25.Nc5 Nd7 26.a5 Nge5 27.Rab1 Nxc5 
28.Rxc5 Rc4 29.Rxc4 Nxc4 30.Bf1 Nxa5 31.h4 Nc4 32.Bxc4 dxc4 33.Rc1 b5 34.
Rc3 Rd8 0-1

[Event "Xtracon Chess Open 2018"]
[Site "Elsinore"]
[Date "2018.07.22"]
[Round "3"]
[White "Jaksland, Tim"]
[Black "Andersen, Dag"]
[Result "1-0"]
[WhiteElo "2185"]
[BlackElo "1915"]
[EventDate "2018.07.21"]
[WhiteFideId "1401084"]
[BlackFideId "1504568"]

1.Nf3 d5 2.c4 e6 3.g3 Nf6 4.Bg2 Be7 5.O-O O-O 6.b3 c5 7.Bb2 Nbd7 8.e3 Re8 
9.Nc3 a6 10.Qe2 Rb8 11.Rfd1 b6 12.Rac1 Bb7 13.cxd5 exd5 14.d4 b5 15.dxc5 
Nxc5 16.Qc2 Qb6 17.Ne2 Ne6 18.Nfd4 Rbc8 19.Qb1 Ne4 20.Nxe6 Rxc1 21.Qxc1 
Qxe6 22.Nf4 Qf5 23.Bh3 Qg5 24.Qc7 Ba8 25.Bd7 Bd6 26.Qc2 Rd8 27.Bh3 Bxf4 
28.exf4 Qe7 29.Bd4 Nf6 30.Qb2 Nh5 31.Bg2 Bc6 32.Qc3 Qd7 33.Bf3 b4 34.Qxb4 
Qh3 35.Qc3 Bd7 36.Qd2 Nf6 37.Bxf6 gxf6 38.Qxd5 1-0

[Event "Xtracon Chess Open 2018"]
[Site "Elsinore"]
[Date "2018.07.22"]
[Round "3"]
[White "Jacobsen, Per"]
[Black "Skjoldager, Flemming"]
[Result "0-1"]
[WhiteElo "1590"]
[BlackElo "1902"]
[EventDate "2018.07.21"]
[WhiteFideId "1413856"]
[BlackFideId "1406515"]

1.d4 Nf6 2.e3 e6 3.f4 b6 4.Bd3 Bb7 5.Nf3 c5 6.c3 d6 7.O-O Be7 8.Nbd2 O-O 
9.Bc2 Nbd7 10.Ng5 h6 11.Nge4 Rc8 12.Rf3 Qc7 13.Rg3 Kh8 14.Nxf6 Nxf6 15.Qe2
e5 16.fxe5 dxe5 17.dxe5 Qxe5 18.Nf3 Qe6 19.Nh4 Be4 20.Bb3 c4 21.Bc2 Bxc2 
22.Qxc2 Ne4 23.Rf3 Bxh4 24.Rf4 Bf2+ 25.Kf1 f5 26.Rxf2 Nxf2 27.Qxf2 Rcd8 
28.Ke2 Qe4 29.Bd2 f4 30.Ke1 fxe3 31.Qxe3 Qxg2 0-1

[Event "Xtracon Chess Open 2018"]
[Site "Elsinore"]
[Date "2018.07.22"]
[Round "3"]
[White "Schouten, Ken Ronny"]
[Black "Sorensen, Bernhard W."]
[Result "0-1"]
[WhiteElo "1309"]
[BlackElo "1691"]
[EventDate "2018.07.21"]
[WhiteFideId "1533010"]
[BlackFideId "1442074"]

1.d4 d5 2.Bf4 Bf5 3.e3 e6 4.Nf3 Nf6 5.Ne5 Bd6 6.Nd2 Nbd7 7.Ndf3 O-O 8.h3 
Ne4 9.Nxd7 Qxd7 10.Bxd6 Qxd6 11.c3 Qe7 12.Bd3 c6 13.O-O Rac8 14.Rc1 b5 15.
a4 a6 16.axb5 axb5 17.Ra1 Nd6 18.Bxf5 Nxf5 19.Ra6 Qb7 20.Ra2 Ra8 21.Rxa8 
Rxa8 22.Ne5 Nd6 23.Qb3 Ne4 24.Qb4 Ra4 25.Qb3 Nd2 26.Qc2 Nxf1 27.Kxf1 Ra1+ 
28.Ke2 Qa6 29.Nd3 Qa4 30.Qd2 Qc4 31.Qc2 Ra2 32.Kd2 Qa4 33.Nb4 Ra1 34.Nxc6 
Rf1 35.Qxa4 bxa4 36.Ke2 Rb1 37.Nb4 Rxb2+ 38.Kf3 Rxb4 0-1

[Event "Xtracon Chess Open 2018"]
[Site "Elsinore"]
[Date "2018.07.22"]
[Round "3"]
[White "Damm, Henrik"]
[Black "Sandbech, Ted Henrik"]
[Result "1/2-1/2"]
[WhiteElo "1567"]
[BlackElo "1775"]
[EventDate "2018.07.21"]
[WhiteFideId "1425013"]
[BlackFideId "1409751"]

1.c4 e5 2.Nc3 Nf6 3.Nf3 Nc6 4.g3 a6 5.Bg2 Bc5 6.O-O O-O 7.d3 h6 8.a3 d6 9.
b4 Ba7 10.Bb2 Nd4 11.e3 Nxf3+ 12.Bxf3 Rb8 13.Bg2 Bg4 14.Qa4 Be2 15.Nxe2 c6
16.Qc2 Re8 17.Rad1 d5 18.cxd5 cxd5 19.Qb1 Qb6 20.Qa1 Ng4 21.Qc1 Rbc8 22.
Qd2 Qe6 23.d4 e4 24.Nf4 Qd6 25.Bh3 f5 26.Rc1 Rcd8 27.Qe2 Qd7 28.Rc2 Rc8 
29.Rfc1 Rxc2 30.Rxc2 Bb8 31.Ng2 Nf6 32.Nh4 Ng4 33.f3 exf3 34.Qxf3 Rxe3 35.
Qxf5 Re1+ 36.Bf1 Qxf5 37.Nxf5 Ba7 38.Rd2 Kh7 39.h3 Nf6 40.Kf2 Re8 41.Kg2 
Ne4 42.Rd3 Rf8 43.Rf3 Ng5 44.Rf4 Bb8 45.Rf2 Ne4 46.Rf3 Ng5 1/2-1/2